Actualización de los manuales de operación de las columnas de destilación y deshidratación de alcohol en la destileria de Central Azucarera Tempisque S.A.

Guardado en:
Bibliografiske detaljer
Hovedforfatter: Tencio Navarro , Jorge Luis
Format: Bog
Sprog:Spanish
Udgivet: San José, Costa Rica 2016
Fag:
Tags: Tilføj Tag
Ingen Tags, Vær først til at tagge denne postø!

MARC

LEADER 00000nam a22000007a 4500
003 012547
005 20221231144143.0
008 170224b2016 cr a|||| m||| 00| ||spa d
040 |c cru CEDI 
090 |a TFG 7698 
100 |9 6740  |a Tencio Navarro , Jorge Luis 
245 |a Actualización de los manuales de operación de las columnas de destilación y deshidratación de alcohol en la destileria de Central Azucarera Tempisque S.A. 
260 |a San José, Costa Rica  |c 2016 
300 |a xiv, 161[113]; ilustraciones  
500 |a Práctica Dirigida (licenciatura en ingeniería química)--Universidad de Costa Rica. Facultad de Ingeniería. Escuela de Ingeniería Química 
650 |x CENTRAL AZUCARERA DEL TEMPISQUE (COSTA RICA)  |x INGENIOS DE AZUCAR - COSTA RICA  |x DESTILERIAS DE ALCOHOL  |x DESTILACION  |x ALCOHOL DE CAÑA DE AZUCAR - APLICACIONES INDUSTRIALES  |9 6741 
942 |c TFG 
999 |c 17664  |d 17664